| 000 | 00903nac a22003610a 4500 | ||
|---|---|---|---|
| 001 | PT54322 | ||
| 003 | AR-LpoUNG | ||
| 005 | 20210201005528.0 | ||
| 008 | 201001s1993||||sp |||||||||||||||||spa d | ||
| 020 |
_a8475833586 _c$28 |
||
| 040 |
_aAR-LpoUNG _bspa _eaacr |
||
| 041 | _aspa | ||
| 044 | _asp | ||
| 082 | 0 | _aR909 794gre-v1 | |
| 100 | 1 | _aLevi, Peter | |
| 245 | 1 | 0 |
_aGrecia : _bcuna de Occidente |
| 260 |
_aBarcelona : _bFolio, _c[1993]. |
||
| 300 |
_a110 p. : _bil., mapas, gráfs., fot. _3Impreso |
||
| 490 | 0 | _aAtlas culturales del mundo | |
| 650 | 4 | _aANALISIS HISTORICO | |
| 650 | 4 | _aARTE | |
| 650 | 4 | _aASPECTOS GEOGRAFICOS | |
| 650 | 4 | _aATLAS | |
| 650 | 4 | _aCIVILIZACION | |
| 650 | 4 | _aCULTURA | |
| 650 | 4 | _aFACTORES CULTURALES | |
| 650 | 4 | _aHISTORIA | |
| 650 | 4 | _aMATERIAL DE REFERENCIA | |
| 650 | 4 | _aRELIGION | |
| 651 | 4 | _aMundial | |
| 905 | _a54322 | ||
| 942 | _cLSALA | ||
| 999 |
_c50066 _d50066 |
||